01635nam a22002777a 4500003000400000005001700004008004100021020001800062040001400080041000800094082001200102100003300114245002800147250003100175264003300206300006200239490008300301521064300384650003601027650003501063650002901098700003401127942001501161999001701176952016401193OSt20240626165551.0240626b ||||| |||| 00| 0 spa d a9786289602906 cCO-Mq BPB aspa aCbBUIf aBuitrago, Jairod1970eautor aFormas de hacer amigos  aPrimera edición especial aBogotá : bLobolunarc2023 a34 páginas sin numerar : bilustraciones a colorc28 cm aPlan Nacional de Lectura y Escritura Leer es mi Cuento / Ministerio de Cultura aPara hacer amigos debes sentarte bajo un árbol inmenso, o ayudarle a una abeja a salir del agua con una hojita. Puedes dejar por el parque muñecos de papel, regalar una manzana o ser amigo de un cactus silencioso. Pero si al final del día te cansas de hacer amigos, también puedes olvidar todo lo que dice este libro. Un libro divertido y tierno, con el humor característico del premiado autor Jairo Buitrago que, junto con las geniales ilustraciones de Mariana Ruíz Johnson, brindan al lector una experiencia llena de entretenidas escenas sobre la amistad, nuestra relación con los demás y también con nosotros mismos. aCuentos infantiles colombianos  aLiteratura infantil colombiana aAmistad en la literatura aRuiz Johnson, Marianaeautora 2ddccBKLIT c15627d15627 00102ddc40708LIaBPMOSbBPMOScFICd2024-06-26eDotación PNL 2023iNTl1oC BUIfpMOS503838r2026-04-20s2025-03-19tEj.1w2024-06-26yBKLITzQuince dias